Bilecik Bilecik Bilecik Bilecik Bilecik

Arkeolojinin ABC'si/ (Record no. 45521)

MARC details
000 -BAŞLIK
Sabit Uzunluktaki Kontrol Alanı 01159nam a22003737a 4500
001 - KONTROL NUMARASI
Control Dosyası 0045552
003 - KONTROL NUMARASI KİMLİĞİ
Kontrol Alanı KOHA_MİRAKIL
005 - EN SON İŞLEM TARİHİ ve ZAMANI
Kontrol Alanı 20260207003448.0
007 - FİZİKSEL TANIM SABİT ALAN - GENEL BİLGİ
Sabit uzunluklu kontrol alanı ta
008 - SABİT UZUNLUKTAKİ VERİ ÖGELERİ - GENEL BİLGİ
Sabit Alan 140128b1999 tu a|||gr||||#||||0|tur |
020 ## - ISBN - ULUSLARARASI STANDART KİTAP NUMARASI
Isbn 9758240142
040 ## - KATALOGLAMA KAYNAĞI
Özgün Kataloglama Kurumu TR-BiSEU
Kataloglama Dili tur
Çeviri Kurumu TR-BiSEU
Açıklama Kuralları rda
041 0# - DİL KODU
Metin ya da ses kaydının dil kodu tur
044 ## - YAYINLAYAN/ÜRETEN KURULUŞUN ÜLKE KODU
ISO country code tu
050 ## - SINIFLAMA ve YER NUMARASI
Sınıflama Numarası CC165
Yer Numarası .B33 1999
100 1# - KİŞİ ADI
Yazar Adı (Kişi adı) Bahn, Paul G..
240 10 - TEK BİÇİM BAŞLIK
Language of a work Türkçe
245 1# - ESER ADI BİLDİRİMİ
Başlık Arkeolojinin ABC'si/
Sorumluluk Bildirimi Paul G. Bahn ; Paul Bahn ; çeviren Banu Örenk ; yayıma hazırlayan Yeşim Tükel..
264 #1 - ÜRERİM, YAYIN, DAĞITIM ve TELİF BİLDİRİMİ
Yayın yeri İstanbul :
Yayınlayan Kabalcı Yayınevi
Yayın tarihi 1999
300 ## - FİZİKSEL TANIMLAMA
Sayfa, Cilt vb. 143 sayfa :
Diğer fiziki detaylar resimli
336 ## - İÇERİK TÜRÜ
Content type term metin
Content type code txt
Source rdacontent
337 ## - MEDYA TÜRÜ
Media type term aracısız
Media type code n
Source rdamedia
338 ## - TAŞIYICI TÜRÜ
Carrier type term cilt
Carrier type code nc
Source rdacarrier
490 1# - DİZİ BİLDİRİMİ
Dizi Bildirimi Kabalcı Yayınevi ;
Cilt Numarası 143.
490 1# - DİZİ BİLDİRİMİ
Dizi Bildirimi ABC dizisi ;
Cilt Numarası 6
500 ## - GENEL NOT
Genel Not Kaynakça ve dizin var.
500 ## - GENEL NOT
Genel Not Özgün adı: Archaeology : a very short introduction.
650 #0 - KONU BAŞLIĞI EK GİRİŞ - KONU TERİMİ
Konusal terim veya coğrafi ad Arkeoloji.
9 (RLIN) 62649
650 #0 - KONU BAŞLIĞI EK GİRİŞ - KONU TERİMİ
Konusal terim veya coğrafi ad Arkeoloji--Tarih.
9 (RLIN) 83933
650 #0 - KONU BAŞLIĞI EK GİRİŞ - KONU TERİMİ
Konusal terim veya coğrafi ad Arkeoloji--Metodoloji.
9 (RLIN) 83934
830 1# - SERİ EK GİRİŞİ - TEKBİÇİM ESER ADI
Tekbiçim Başlık Kabalcı Yayınevi ;
Volume number/sequential designation 143.
9 (RLIN) 16011
830 1# - SERİ EK GİRİŞİ - TEKBİÇİM ESER ADI
Tekbiçim Başlık ABC dizisi ;
Volume number/sequential designation 6
9 (RLIN) 83935
942 ## - EK GİRİŞ ÖGELERİ (KOHA)
Source of classification or shelving scheme Library of Congress Classification
Koha item type Book
Holdings
Materyal Türü Kalıcı Konum Mevcut Konum Raf Yeri Sınıflandırma Kaynağı Edinim Bilgisi Ana Konular Alt Konular Yer Numarası Demirbaş Numarası Fatura Tarihi Geri Çekilme Durumu Kayıp Durumu Hasarlı Durumu Kredi için değil Kayıt Tarih Toplam Ödünçverme Son Görülme Tarihi Son Kontrol Tarihi Genel / Bağış Notu
Book Prof. Dr. Azmi Özcan Kütüphanesi Prof. Dr. Azmi Özcan Kütüphanesi Uluğbey Salonu Library of Congress Classification Bağış TARİHE YARDIMCI BİLİMLER Arkeoloji CC165 .B33 1999 0045552 02/02/2026         28/01/2014 8 05/12/2024 05/12/2024 Genel Bağış